Statistiques concernant Marques de Décathlon

Cliquez ici pour prendre le quiz!

Statistiques générales

  • Ce quiz a été pris 152 fois
  • Le résultat moyen est 8 sur 40

Statistiques - réponses

SportMarque% Correct
RandonnéeQuechua
81%
FootballKipsta
60%
JoggingKalenji
59%
TennisArtengo
58%
CyclismeB'twin
56%
Sport de voileTribord
31%
Art martiaux/fitnessDomyos
30%
Glisse sur neigeWed'ze
30%
NatationNabaiji
29%
Basket-ballTarmak
28%
TrekkingForclaz
25%
EquitationFouganza
22%
RunningKiprun
20%
Vélo de routeVan Rysel
20%
PêcheCaperlan
19%
GolfInesis
17%
Glisse urbaineOxelo
17%
ChasseSolognac
16%
Tennis de tablePongori
13%
SurfOlaian
12%
MarcheNewfeel
11%
TriathlonAptonia
10%
BadmintonPerfly
10%
alpinismeSimond
10%
HandballAtorka
9%
Trail RunningEvadict
8%
PlongéeSubea
8%
Volley-ballAllsix
7%
Course d'orientationGéonaute
7%
Sport de pagaiesItiwit
7%
RugbyOffload
7%
Sport de précisionGeologic
6%
Sports de combatOutshock
6%
Beach-volleyCopaya
3%
EscrimeFenc'it
2%
CricketFLX
2%
Ski de fondInovik
2%
KitesurfOrao
2%
WindsurfTamahoo
2%
Hockey sur glaceOroks
1%

Distribution des résultats

Percentile par nombre de réponses

% des personnes avec chaque résultat

Votre développement - résultats

Vous n’avez pas pris ce quiz